000 00597nam a2200229Ia 4500
003 OSt
005 20220918214254.0
006 a|||||r|||| 00| 0
007 ta
008 220917b |||||||| |||| 00| 0 eng d
024 _a136,600
037 _cTextual
040 _aARTS
_cARTS
_beng
041 _2eng
_aeng
082 _aX9F718.2.N5, K0
100 _aMathyoo A T Comp.
_9130536
245 0 _aRubber manufacturing industry
260 _aNA
_bNA
_c1960
650 _aECONOMICS
942 _hX9F718.2.N5, K0
_cTEXL
_2CC
999 _c259690
_d259690